Woman and Islam (Record no. 1647)

MARC details
000 -LEADER
fixed length control field 007660000a22002410004500
003 - CONTROL NUMBER IDENTIFIER
control field LK-CoMWRAF
005 - DATE AND TIME OF LATEST TRANSACTION
control field 20240113150042.0
008 - FIXED-LENGTH DATA ELEMENTS--GENERAL INFORMATION
fixed length control field 230817t1990 ||||| |||| 00| 0 eng d
040 ## - CATALOGING SOURCE
Original cataloging agency LK-CoMWRAF
Modifying agency LK-CoMWRAF
Description conventions LK-CoMWRAF
041 ## - LANGUAGE CODE
Language code of text/sound track or separate title English
082 ## - DEWEY DECIMAL CLASSIFICATION NUMBER
Classification number 297.197
Item number OMR
942 ## - ADDED ENTRY ELEMENTS (KOHA)
Koha item type Books
100 ## - MAIN ENTRY--PERSONAL NAME
Personal name Omri, Syed Jalaluddin
700 ## - ADDED ENTRY--PERSONAL NAME
Personal name Kausar, Zeenath
245 ## - TITLE STATEMENT
Title Woman and Islam
260 ## - PUBLICATION, DISTRIBUTION, ETC. (IMPRINT)
Place of publication, distribution, etc. Aligarh:
Name of publisher, distributor, etc. ITTI,
Date of publication, distribution, etc. 1990
300 ## - PHYSICAL DESCRIPTION
Extent 103 p. ; 22 cm
Other physical details Bibliography included
490 ## - SERIES STATEMENT
Series statement Publication series
Volume/sequential designation no.15
856 ## - ELECTRONIC LOCATION AND ACCESS
Uniform Resource Identifier <a href="https://citeseerx.ist.psu.edu/document?repid=rep1&type=pdf&doi=46996d44e1a273312da9049496172d2b34fe0102">https://citeseerx.ist.psu.edu/document?repid=rep1&type=pdf&doi=46996d44e1a273312da9049496172d2b34fe0102</a>
650 ## - SUBJECT ADDED ENTRY--TOPICAL TERM
Topical term or geographic name as entry element Muslim women- Conduct of life
650 ## - SUBJECT ADDED ENTRY--TOPICAL TERM
Topical term or geographic name as entry element Muslim women- Social conditions
650 ## - SUBJECT ADDED ENTRY--TOPICAL TERM
Topical term or geographic name as entry element Women in the Qurʼan
Holdings
Withdrawn status Lost status Damaged status Not for loan Permanent Location Current Location Date acquired Full call number Barcode Koha item type
        Resource center, Muslim Women's Research And Action Forum Resource center, Muslim Women's Research And Action Forum 2023-08-17 297.197 OMR RAF3505 Books

Copyright © 2023 Muslim Women's Research and Action Forum (MWRAF), No 27/3, Anderson Road, Kalubowila, Dehiwela. Funded by The Asia Fundation